000 00595nam a2200181Ia 4500
008 100920s9999 xx 000 0 und d
082 _b104330
_a891.43 न 08
100 _aश्रीवास्तव रमाकांत.
245 _aटोरकील का शहर.
260 _bसंकेत प्रका.इलाहबाद.
_c2008
300 _a136
_bसाधी
365 _b160
520 _aहिंदी.
630 _aटोरकील का शहर.
650 _aहिंदी.
730 _aटोरकील का शहर.
942 _cBOOK
999 _c744762
_d744759